000 00701nam a2200289Ia 4500
005 20260324140748.0
008 008 260324s9999 xx 000 0 eng d
020 _a9780203068588
037 _aEBOOK
040 _aCRL
040 _beng
040 _cCRL
041 _2eng
041 _aeng
084 _qCRL
100 _aVincent J. Rosivach
_91205648
245 0 _aWhen A Young Man Falls in Love
245 4 _bThe Sexual Exploitation of Women in New Comedy
260 _bTaylor and Francis
260 _c1998
365 _a
365 _b230
856 _uhttp://www.taylorfrancis.com/books/9780203068588
942 _cEBOOK
999 _c1808026
_d1808026